000
00316nam a2200121Ia 4500
005
20251222144751.0
008
251222s9999||||xx |||||||||||||| ||spa||
082
_a
985/Q74
100
_a
Quiroz Paz Soldán, Eusebio
245
0
_a
Para Enseñar Historia del Perú
264
_b
Cooperativa Universitaria
942
_c
LIB
999
_c
19355
_d
19355